[Event "ch-GBR"]
[Site "Torquay ENG"]
[Date "2002.08.07"]
[Round "9"]
[White "Rudd,J"]
[Black "Hanley,C"]
[Result "0-1"]
[WhiteElo "2139"]
[BlackElo "2331"]

1.e4 e6 2.d4 d5 3.Nd2 Be7 4.Bd3 c5 5.exd5 exd5 6.dxc5 Bxc5 7.Nb3 Bb6 8.Nf3 Nf6
9.O-O O-O 10.Bg5 h6 11.Bh4 Bg4 12.Re1 Nc6 13.c3 g5 14.Bg3 Nh5 15.h3 Be6 16.Bh2 Qf6
17.Nbd4 Nf4 18.Bxf4 gxf4 19.Bc2 Nxd4 20.Nxd4 Bxd4 21.Qxd4 Qxd4 22.cxd4 Rac8
23.Bb3 Rfd8 24.Re5 Kg7 25.Kf1 a5 26.Ke2 b5 27.Kd2 a4 28.Bc2 Rd6 29.Bd3 Rdc6
30.Ree1 b4 31.h4 Kf6 32.Rac1 Rxc1 33.Rxc1 Rg8 34.Bf1 Rg4 35.f3 Rxh4 36.Rc7 Rh1
37.Ke1 Bf5 38.Kf2 Bb1 39.a3 bxa3 40.bxa3 Ba2 41.Ra7 Bb3 42.Ra6+ Ke7 43.Ra7+ Kd6
44.Ra6+ Kc7 45.Ra5 h5 46.Rb5 Rxf1+  0-1

[Event "ch-GBR"]
[Site "Torquay ENG"]
[Date "2002.08.08"]
[Round "10"]
[White "Lane,G"]
[Black "Turner,M"]
[Result "1/2-1/2"]
[WhiteElo "2446"]
[BlackElo "2519"]

1.e4 e6 2.d4 d5 3.Nd2 Be7 4.Ngf3 Nf6 5.Bd3 c5 6.dxc5 dxe4 7.Nxe4 Nxe4 8.Bxe4 Qxd1+
9.Kxd1 Bxc5 10.Ke2 Nd7 11.Bf4 f6 12.Rhd1 e5 13.Be3 Bxe3 14.Kxe3 Nc5 15.Bd5 Ke7
16.Rd2 Rd8 17.Rad1 a5 18.Ng1 Na4 19.c3 Nb6 20.c4 h5 21.f4 exf4+ 22.Kxf4 g5+
23.Kg3 h4+ 24.Kf2 Nxd5 25.Rxd5 Be6 26.Rxd8 Rxd8 27.Rxd8 Kxd8 28.b3 Ke7 29.Ne2 Bd7
30.Nd4 Kd6 31.a3 Ke5 32.Ke3 f5 33.Nf3+ Kf6 34.g3 hxg3 35.hxg3 Bc6 36.Nd4 Bh1
37.b4 axb4 38.axb4 Ke5 39.Ne2 Bc6 40.b5 Be8 41.Nc3 f4+ 42.gxf4+ gxf4+ 43.Kf2 Kd4
44.Ne2+ Kxc4 45.Nxf4 Bxb5 46.Ke3 Kc3 47.Nd5+ Kc4 48.Nf6 Kb3 49.Kd4 Bc4 50.Kc5 b5
51.Nd5 Bxd5 52.Kxb5  1/2-1/2

[Event "ch-GBR"]
[Site "Torquay ENG"]
[Date "2002.08.08"]
[Round "10"]
[White "Jones,RS"]
[Black "Sherwin,J"]
[Result "0-1"]
[WhiteElo "2234"]
[BlackElo "2344"]

1.e4 e6 2.d4 d5 3.Nd2 Be7 4.e5 c5 5.Qg4 g6 6.Ndf3 Nc6 7.dxc5 Bxc5 8.Bd3 Qb6
9.Nh3 Qb4+ 10.Qxb4 Nxb4 11.Be3 Bf8 12.Nd4 Bd7 13.Kd2 a6 14.Ng5 h6 15.Ngf3 Ne7
16.Be2 Nbc6 17.Nb3 Bg7 18.Bd4 Nxd4 19.Nbxd4 g5 20.Nb3 Ng6 21.Rhe1 Nxe5 22.Nxe5 Bxe5
23.c3 Bg7 24.Nc5 Bc6 25.Bh5 O-O 26.f4 d4 27.g3 dxc3+ 28.bxc3 Rfd8+ 29.Kc2 Rd5  0-1

[Event "11th Open"]
[Site "Kavala GRE"]
[Date "2002.08.15"]
[Round "7"]
[White "Berelovich,A"]
[Black "Zhukova,N"]
[Result "1-0"]
[WhiteElo "2533"]
[BlackElo "2425"]

1.e4 e6 2.d4 d5 3.Nd2 a6 4.Ngf3 Nf6 5.Bd3 c5 6.e5 Nfd7 7.c3 Nc6 8.O-O g5
9.dxc5 g4 10.Nd4 Ncxe5 11.Bc2 Bxc5 12.f4 Nc6 13.Nb3 h5 14.Nxc5 Nxc5 15.Nxc6 bxc6
16.Qd4  1-0

[Event "XIV Open"]
[Site "Porto San Giorgio ITA"]
[Date "2002.08.20"]
[Round "1"]
[White "Santoro,A"]
[Black "Bukal,V jr"]
[Result "1/2-1/2"]
[WhiteElo "2050"]
[BlackElo "2405"]

1.e4 e6 2.d4 d5 3.Nd2 Be7 4.Ngf3 Nf6 5.exd5 exd5 6.Bd3 Bg4 7.Nf1 O-O 8.Ng3 Bb4+
9.c3 Re8+ 10.Be3 Bd6 11.Qc2 Nbd7 12.O-O Bxf3 13.gxf3 Nf8 14.Kh1 Ng6 15.Nf5 Nh5
16.Rg1 Bf4 17.Rg4 Kh8 18.Qd2  1/2-1/2

[Event "22nd Open"]
[Site "Bratto ITA"]
[Date "2002.08.21"]
[Round "2"]
[White "Bresciani,N"]
[Black "Del Rio Angelis,S"]
[Result "0-1"]
[WhiteElo "2270"]
[BlackElo "2498"]

1.e4 e6 2.d4 d5 3.Nd2 Be7 4.Bd3 c5 5.dxc5 Nf6 6.Qe2 O-O 7.Ngf3 a5 8.O-O Na6
9.e5 Nd7 10.c3 Naxc5 11.Bb5 Nb8 12.Nb3 b6 13.Nbd4 Bd7 14.Be3 Bxb5 15.Qxb5 Qc7
16.c4 dxc4 17.Rac1 Rc8 18.Qxc4 Nc6 19.Nxc6 Qxc6 20.Rfd1 Rd8 21.Bg5 Bxg5 22.Nxg5 Qa4
23.Qxa4 Nxa4 24.b3 Nc3 25.Rxd8+ Rxd8 26.Kf1 Nxa2 27.Rc7 Rf8 28.Rb7 Nc3 29.Rxb6 h6
30.Rc6 Nd5 31.Ne4 Rb8 32.Nd2 Rb5 33.g3 Kh7 34.f4 g5 35.fxg5 hxg5 36.Kf2 Nb4
37.Rc7 Nd3+ 38.Ke2 Nxe5 39.Nf3 Kg6 40.Nxe5+ Rxe5+ 41.Kf2 Rb5 42.Rc3 Rd5 43.h3 Rd2+
44.Kf3 f5 45.Rc5 Rd3+ 46.Kg2 Rxb3 47.Rxa5 Rb2+ 48.Kg1 Kf6 49.Rc5 Ke7 50.Rc7+ Kf6
51.Rc5 Rd2 52.Ra5 Re2 53.Rc5 Rd2 54.Ra5 Rd5 55.Ra8 f4 56.h4 fxg3 57.hxg5+ Kxg5
58.Kg2 Rd3 59.Rf8 Kg4 60.Rg8+ Kf4 61.Rf8+ Ke4 62.Re8 e5 63.Re7 Kd4 64.Re8 e4
65.Re7 Ke3 66.Kxg3 Ke2+ 67.Kg2 e3 68.Re8 Rd7 69.Ra8 Rg7+ 70.Kh2 Kf2 71.Rf8+ Ke1
72.Re8 e2 73.Rd8 Rg5  0-1

[Event "22nd Open"]
[Site "Bratto ITA"]
[Date "2002.08.21"]
[Round "2"]
[White "Bellia,F"]
[Black "Antognini,F"]
[Result "1-0"]
[WhiteElo "2412"]
[BlackElo "2094"]

1.e4 e6 2.d4 d5 3.Nd2 Be7 4.Ngf3 Nf6 5.e5 Nfd7 6.a3 c5 7.dxc5 a5 8.b3 Nxc5
9.Bb2 O-O 10.Be2 b6 11.O-O Ba6 12.Nd4 Qc7 13.f4 Ne4 14.Nxe4 dxe4 15.Bxa6 Nxa6
16.Qe2 Nc5 17.Rad1 Rfd8 18.Qb5 Rd5 19.Qe2 Rdd8 20.Ba1 Rac8 21.f5 exf5 22.Nxf5 Rxd1
23.Qxd1 Rd8 24.Qg4 Bf8 25.Nh6+  1-0

[Event "WY ol"]
[Site "Kuala Lumpur MAS"]
[Date "2002.08.21"]
[Round "2"]
[White "Murariu,A"]
[Black "Hassan,Ab"]
[Result "1-0"]
[WhiteElo "2401"]
[BlackElo "2244"]

1.e4 e6 2.d4 d5 3.Nd2 Be7 4.Bd3 Nf6 5.e5 Nfd7 6.Ngf3 c5 7.c3 b6 8.Qe2 a5
9.O-O Ba6 10.Bxa6 Nxa6 11.Ne1 cxd4 12.cxd4 Nb4 13.f4 Qc8 14.f5 exf5 15.Rxf5 O-O
16.Rh5 Re8 17.Ndf3 g6 18.Rh3 f6 19.a3 Nc6 20.Qb5 Nf8 21.Qxd5+ Ne6 22.Be3 Rd8
23.Qa2 Qd7 24.Rc1 Rac8 25.exf6 Bxf6 26.Bg5 Bxd4+ 27.Nxd4 Nxd4 28.Rxc8 Rxc8
29.Rd3 Kg7 30.Be3 Rf8 31.b4 Rd8 32.Qf2 Qf7 33.Qxf7+ Kxf7 34.Kf2 axb4 35.axb4 Kf6
36.Rd2 b5 37.Nc2 Nxc2 38.Rxc2 Rd3 39.Rc6 Rb3 40.Bd4+ Kf7 41.Bc3 Ke7 42.Bd2 Rb2
43.Ke3 Kd7 44.Rb6 Nc7 45.Kd3 Ra2 46.Rf6 Ke7 47.Rc6 Kd7 48.Rc5 Ra3+ 49.Ke4 Ra2
50.Bf4 Ne6 51.Rd5+ Ke7 52.Bd6+ Kf7 53.Rxb5 Re2+ 54.Kd3 Rxg2 55.Rb7+ Kf6 56.Rxh7 Rg4
57.Kc3 Ng5 58.Be7+ Ke6 59.Bxg5 Rxg5 60.Kc4 Kd6 61.h4 Rf5 62.Rh6 Kc7 63.b5 Kb7
64.Kb4 Rf1 65.Kc5 Rf5+ 66.Kc4 Rf4+ 67.Kd5 Rb4 68.Kc5 Rf4 69.Rh7+ Kb8 70.Kb6 Rf6+
71.Ka5 Rf5 72.Ka6  1-0

[Event "2nd CMA Futurity"]
[Site "Toronto CAN"]
[Date "2002.08.21"]
[Round "9"]
[White "Findlay,I"]
[Black "Bluvshtein,M"]
[Result "1/2-1/2"]
[WhiteElo "2328"]
[BlackElo "2367"]

1.e4 e6 2.d4 d5 3.Nd2 Be7 4.Ngf3 Nf6 5.Bd3 c5 6.dxc5 dxe4 7.Nxe4 Nxe4 8.Bxe4 Qxd1+
9.Kxd1 Bxc5 10.Ke2 Nd7 11.Be3 Bxe3 12.Kxe3 Ke7 13.c4 f5 14.Bc2 b6 15.Nd4 Bb7
16.f3 g6 17.b4 Rhc8 18.Bb3 a5 19.a3 Ne5 20.Rac1 axb4 21.axb4 Ra3 22.Kd2 Nxf3+
23.gxf3 e5 24.Nxf5+ gxf5 25.Rc3 Rd8+ 26.Kc2 f4 27.Re1 Kf6 28.c5 bxc5 29.bxc5 Bc6
30.Kb2 Ra7 31.Re2 Rad7 32.Bc2 Rd2 33.Rxd2 Rxd2 34.Ra3 Ke7 35.Ra7+ Kd8 36.Kc3 Rxh2
37.Be4 Bxe4 38.fxe4 Re2 39.Kc4 h5 40.Rh7 Rd2 41.c6 Rh2 42.Kd5 f3 43.Kxe5 Rc2
44.Kf4 f2 45.Rd7+ Ke8 46.Rd1 Rxc6 47.Rf1 Rf6+ 48.Kg5 Ke7 49.Kxh5 Kd6 50.Kg4 Ke5
51.Kg3 Kxe4  1/2-1/2

[Event "Open"]
[Site "Birstonas LIT"]
[Date "2002.08.22"]
[Round "6"]
[White "Sarakauskiene,Z"]
[Black "Lutsko,I"]
[Result "1/2-1/2"]
[WhiteElo "2178"]
[BlackElo "2398"]

1.e4 e6 2.d4 d5 3.Nd2 a6 4.c3 c5 5.exd5 exd5 6.Ngf3 Bd6 7.dxc5 Bxc5 8.Nb3 Bb6
9.Bg5 Ne7 10.Bd3 f6 11.Bf4 Bg4 12.h3 Bh5 13.Qc2 Nbc6 14.g4 Bg6 15.O-O-O O-O
16.Kb1 Rc8 17.Bxg6 Nxg6 18.Bg3 Nge5 19.Nfd4 Re8 20.Qf5 g6 21.Qf4 Nc4 22.Rhe1 Rxe1
23.Rxe1 N6e5 24.Rd1 Qe7 25.h4 Bc7 26.g5 Nxb2 27.gxf6 Qf7 28.Rg1 Nbc4 29.Qg5 Rf8
30.f4 Nc6 31.f5 Bxg3 32.Rxg3 Qxf6 33.fxg6 Qxg5 34.gxh7+ Kxh7 35.Rxg5 Rf1+
36.Nc1 N6e5 37.Rh5+ Kg6 38.Rg5+ Kf6 39.Ne2 b5 40.Kc2 Rh1 41.Rh5 a5 42.Kb3 Rd1
43.a4 Nd7 44.axb5 Nc5+ 45.Kc2 Rd2+ 46.Kb1 a4 47.Nd4 Ne4 48.Nde2 a3 49.b6 Kg6
50.Rxd5 Rb2+ 51.Ka1 Ned2 52.Nf4+ Kf7 53.Nfd3 Rxb6 54.Rd4 Rb5 55.Nb4  1/2-1/2

[Event "Open"]
[Site "Birstonas LIT"]
[Date "2002.08.22"]
[Round "6"]
[White "Asauskas,H"]
[Black "Jegorovas,A"]
[Result "0-1"]
[WhiteElo "2384"]
[BlackElo "2200"]

1.e4 e6 2.d4 d5 3.Nd2 Nc6 4.Ngf3 Nf6 5.e5 Nd7 6.c3 f6 7.Bd3 fxe5 8.Nxe5 Ncxe5
9.dxe5 Nxe5 10.Qh5+ Nf7 11.Bxh7 Bd6 12.Nf3 Qf6 13.h4 e5 14.Bg5 Qe6 15.O-O-O c6
16.Nd4 Qg4 17.Qg6 exd4 18.Rxd4 Qe6 19.Rd3 Qxg6 20.Bxg6 O-O  0-1

[Event "22nd Open"]
[Site "Bratto ITA"]
[Date "2002.08.22"]
[Round "3"]
[White "Godena,M"]
[Black "Giretti,K"]
[Result "1-0"]
[WhiteElo "2488"]
[BlackElo "2193"]

1.e4 e6 2.d4 d5 3.Nd2 Nc6 4.Ngf3 Nf6 5.e5 Nd7 6.c3 a5 7.Bd3 Na7 8.O-O c5
9.dxc5 Nc6 10.Re1 Nxc5 11.Bc2 a4 12.Nd4 Bd7 13.N2f3 Be7 14.Qe2 O-O 15.Bf4 Rb8
16.Qe3 b5 17.Ng5 h6 18.Nh7 g5 19.Nxc6 Bxc6 20.Nf6+ Bxf6 21.exf6 d4 22.Qh3 Qxf6
23.Be5 Qe7 24.Qxh6 f6 25.Bd6 Qb7 26.Bxc5 Rf7 27.Rxe6 Bxg2 28.Rb6 Qc7 29.Rxb8+ Qxb8
30.Kxg2 Qc8 31.Bd6 Qc6+ 32.Kg1 Qxd6 33.Re1 Qd7 34.Bf5 Qc6 35.Be6 Qe8 36.Qg6+ Kh8
37.Qxf7  1-0

[Event "WY ol"]
[Site "Kuala Lumpur MAS"]
[Date "2002.08.22"]
[Round "5"]
[White "Megaranto,S"]
[Black "Rendle,T"]
[Result "1/2-1/2"]
[WhiteElo "2364"]
[BlackElo "2241"]

1.e4 e6 2.d4 d5 3.Nd2 Be7 4.Ngf3 Nf6 5.Bd3 c5 6.exd5 Nxd5 7.O-O Nc6 8.dxc5 Bxc5
9.Ne4 Be7 10.c3 O-O 11.Qe2 Qc7 12.Ng3 Nf4 13.Bxf4 Qxf4 14.Rfe1 g6 15.Rad1 Rd8
16.Be4 Bd7 17.Nd4 Nxd4 18.Rxd4 Bc6 19.Bd5 Qc7 20.Bxc6 Qxc6 21.Red1 Bf6 22.Rxd8+ Rxd8
23.Nf1 Rxd1 24.Qxd1 Qd5 25.Qxd5 exd5 26.Ne3 d4 27.Nd5 dxc3 28.bxc3 Bd8 29.Kf1 f5
30.Ke2 Kf7 31.Kd3 Ke6 32.c4 Ke5 33.g3 b5 34.f3 bxc4+ 35.Kxc4 g5 36.Nb4 Bb6
37.Nc6+ Kd6 38.Nd4 Ke5 39.Nc6+ Kd6 40.Nd4 Ke5 41.Nc6+  1/2-1/2

[Event "13th Summer Open"]
[Site "Recklinghausen GER"]
[Date "2002.08.23"]
[Round "7"]
[White "Koscielski,J"]
[Black "Siepmann,M"]
[Result "1-0"]
[WhiteElo "2287"]
[BlackElo "2046"]

1.e4 e6 2.d4 d5 3.Nd2 Nc6 4.Ngf3 Nf6 5.e5 Nd7 6.Bd3 Nb4 7.Be2 c5 8.c3 Nc6
9.O-O a5 10.a4 g6 11.Nb3 Bg7 12.Bf4 O-O 13.Re1 cxd4 14.cxd4 f6 15.exf6 Nxf6
16.Bb5 Ne4 17.Be3 Qd6 18.Rc1 Bd7 19.Nc5 Nxc5 20.Rxc5 Rae8 21.Qd2 b6 22.Rcc1 e5
23.Bxc6 Bxc6 24.dxe5 Bxe5 25.Nxe5 Rxe5 26.Bxb6 Rxe1+ 27.Rxe1 Bxa4 28.Bxa5 Re8
29.Rxe8+ Bxe8 30.Bc3 Qc5 31.Qe2 Bf7 32.Qe5 Kf8 33.Qb8+  1-0

[Event "Open"]
[Site "Padron ESP"]
[Date "2002.08.24"]
[Round "3"]
[White "Korneev,O"]
[Black "Reinaldo Castineira,R"]
[Result "1/2-1/2"]
[WhiteElo "2583"]
[BlackElo "2403"]

1.e4 e6 2.d4 d5 3.Nd2 Be7 4.e5 c5 5.Qg4 Kf8 6.dxc5 h5 7.Qg3 Nh6 8.Bd3 h4
9.Qe3 Nd7 10.Ngf3 Nxc5 11.Nb3 Nxd3+ 12.cxd3 Nf5 13.Qf4 Bd7 14.Nbd4 Nxd4 15.Nxd4 Qa5+
16.Bd2 Qa6 17.Qf3 Bb5 18.O-O Bxd3 19.Nxe6+ Qxe6 20.Qxd3 h3 21.g3 Rc8 22.Rac1 Rc6
23.f4 g6 24.Bc3 Kg7 25.Bd4 Rhc8 26.Rxc6 Rxc6 27.f5 gxf5 28.Rxf5 Rc4 29.Rf4 Bg5
30.Rf1 Bd8 31.Rf4 Bb6 32.Kf1 Bxd4 33.Rxd4 Qxe5 34.Rxc4 dxc4 35.Qxc4 Qxb2
36.Qg4+ Kf8 37.Qc8+ Kg7 38.Qg4+ Kf8 39.Qc8+ Ke7 40.Qc7+ Ke6 41.Qc8+ Kd6 42.Qf8+ Kc6
43.Qe8+ Kb6 44.Qxf7 Qg2+ 45.Ke1 Qg1+ 46.Qf1 Qxh2 47.Qf6+ Kb5 48.Qe5+ Kc4
49.Qe6+ Kd4 50.Qd6+ Kc3 51.Qc7+ Kd3 52.Qh7+ Ke3 53.Qh6+  1/2-1/2

[Event "XIV Open"]
[Site "Porto San Giorgio ITA"]
[Date "2002.08.24"]
[Round "5"]
[White "Palac,M"]
[Black "Naumkin,I"]
[Result "1-0"]
[WhiteElo "2564"]
[BlackElo "2436"]

1.e4 e6 2.d4 d5 3.Nd2 Nc6 4.Ngf3 Nf6 5.e5 Nd7 6.Be2 f6 7.exf6 Qxf6 8.Nb3 h6
9.O-O Bd6 10.Ne1 e5 11.dxe5 Ndxe5 12.f4 Ng6 13.Qxd5 Be6 14.Qh5 O-O 15.Nd3 Nd4
16.Nxd4 Qxd4+ 17.Kh1 Nxf4 18.Bxf4 Bxf4 19.Qg6 Bc4 20.c3 Qe3 21.Nxf4 Bxe2
22.Ne6 Qe5 23.Rxf8+  1-0

[Event "XIV Open"]
[Site "Porto San Giorgio ITA"]
[Date "2002.08.25"]
[Round "6"]
[White "Calandri,F"]
[Black "Todorov,O"]
[Result "1/2-1/2"]
[WhiteElo "2113"]
[BlackElo "2376"]

1.e4 e6 2.d4 d5 3.Nd2 a6 4.Bd3 c5 5.dxc5 Bxc5 6.Ngf3 Nc6 7.O-O Ba7 8.Qe2 Nge7
9.c3 O-O 10.Rd1 Qc7 11.Nf1 Ng6 12.Bc2 dxe4 13.Bxe4 f5 14.Bc2 Nce5 15.Nxe5 Qxe5
16.Qxe5 Nxe5 17.Be3 Bb8 18.Bb3 a5 19.Bc5 Re8 20.a4 Ra6 21.Ne3 Rc6 22.Bd4 Kf8
23.f4 Ng6 24.g3 e5 25.fxe5 Bxe5 26.Nc2 Be6 27.Bxe6 Rcxe6 28.Rf1 Rf6 29.Rae1 Bxd4+
30.Nxd4 f4 31.Rxe8+ Kxe8 32.Kg2 Kf7 33.Re1 Rb6 34.Re2 Rf6 35.Re1 Ne7 36.gxf4 Rxf4
37.Re5 b6 38.Kg3 Rf6 39.b4 axb4 40.cxb4 g6 41.a5 bxa5 42.Rxa5 Rd6 43.Nf3 Nf5+
44.Kf2 Kf6 45.Ra7 Rb6 46.Rxh7 Rxb4 47.Rd7  1/2-1/2

[Event "13th Summer Open"]
[Site "Recklinghausen GER"]
[Date "2002.08.25"]
[Round "9"]
[White "Nebel,J"]
[Black "Kern,G"]
[Result "1-0"]
[WhiteElo "2173"]
[BlackElo "2329"]

1.e4 e6 2.d4 d5 3.Nd2 Be7 4.Ngf3 Nf6 5.Bd3 c5 6.dxc5 dxe4 7.Nxe4 Nxe4 8.Bxe4 Qxd1+
9.Kxd1 Bxc5 10.Ke2 Nd7 11.Rd1 Ke7 12.Nd4 Nf6 13.Bf3 e5 14.Nb3 Bb6 15.Bg5 Bf5
16.Bxb7 Rab8 17.Bd5 Bxc2 18.Rd2 Bf5 19.Re1 h6 20.Bh4 g5 21.Bg3 Nxd5 22.Rxd5 f6
23.Red1 Be6 24.Rd6 Rhd8 25.Rxd8 Bxd8 26.Kd2 Bb6 27.Kc1 a5 28.Kb1 a4 29.Nc1 Bf5+
30.Ka1 Bd4 31.Rxd4 exd4 32.Bxb8 d3 33.Nxd3 Bxd3 34.b3 a3 35.Ba7 Kd6 36.Bd4 f5
37.Bg7 h5 38.Bf8+ Kd5 39.Bxa3 Bf1 40.g3 Ke4 41.Be7 g4 42.Kb2 Kf3 43.Bc5 Kg2
44.Kc3 Kxh2 45.Kd2 Kh3 46.Ke3 Kg2 47.a4 Ba6 48.b4 Bc8 49.b5 Bd7 50.b6 Bc8
51.a5  1-0

[Event "XIV Open"]
[Site "Porto San Giorgio ITA"]
[Date "2002.08.26"]
[Round "7"]
[White "Satta,V"]
[Black "Bukal,V jr"]
[Result "0-1"]
[WhiteElo "2218"]
[BlackElo "2405"]

1.e4 e6 2.d4 d5 3.Nd2 Be7 4.Ngf3 Nf6 5.Bd3 c5 6.exd5 Nxd5 7.dxc5 Bxc5 8.Ne4 Be7
9.O-O Nc6 10.a3 Qc7 11.c4 Nf4 12.Bc2 O-O 13.g3 Ng6 14.Qe2 Rd8 15.Be3 b6 16.Rac1 f5
17.Nc3 Nce5 18.Nxe5 Qxe5 19.f4 Qb8 20.Rfd1 Bb7 21.h3 Qc7 22.Nb5 Qc6 23.Kh2 Bc5
24.Bxc5 bxc5 25.Nxa7 Qf3 26.Rxd8+ Rxd8 27.Re1 Nf8 28.Nb5 Qc6 29.Qf2 h5 30.Bd1 h4
31.g4 Rd3 32.Rg1 Qd7 33.gxf5 Rxd1 34.fxe6 Qd2 35.Rg2 Qxf2  0-1

[Event "ch-Arab"]
[Site "Casablanca MAR"]
[Date "2002.08.28"]
[Round "3"]
[White "Ahmed,Es"]
[Black "Kaabi,M"]
[Result "1/2-1/2"]
[WhiteElo "2424"]
[BlackElo "2359"]

1.e4 e6 2.d4 d5 3.Nd2 Be7 4.Ngf3 c5 5.exd5 Qxd5 6.Bb5+ Bd7 7.c4 Qd6 8.Ne4 Qb6
9.dxc5 Bxc5 10.O-O Bxb5 11.cxb5 Nd7 12.Nxc5 Qxc5 13.Be3 Qxb5 14.Qd6 Ne7 15.Nd4 Qa6
16.Qg3 O-O 17.Rfc1 e5 18.Nf3 Nf5 19.Qh3  1/2-1/2

[Event "ch-RUS"]
[Site "Krasnodar RUS"]
[Date "2002.08.31"]
[Round "5"]
[White "Maiorov,O"]
[Black "Kiriakov,P"]
[Result "1/2-1/2"]
[WhiteElo "2458"]
[BlackElo "2553"]

1.e4 e6 2.d4 d5 3.Nd2 a6 4.Ngf3 c5 5.exd5 exd5 6.Qe2+ Qe7 7.dxc5 Qxe2+ 8.Bxe2 Bxc5
9.Nb3 Ba7 10.Bd2 Nc6 11.Bc3 Nge7 12.Bd4 Nxd4 13.Nfxd4 Bd7 14.O-O-O O-O-O
15.Rhe1 Rhe8 16.Bf3 Bb6 17.Re2 Kc7 18.c3 g6 19.Rde1 Kd6 20.Rd2 Kc7 21.g3 Ng8
22.Rxe8 Bxe8 23.Nc2 Nf6 24.Nb4 Bc6 25.Nd4 a5 26.Nd3 Re8 27.Bg2 Ne4 28.Rc2 Kd6
29.f3 Nf6 30.Kd1  1/2-1/2

[Event "5th Pyramiden-Franken Cup"]
[Site "Fuerth GER"]
[Date "2002.09.01"]
[Round "2"]
[White "Efimenko,Z"]
[Black "Liepold,S"]
[Result "1-0"]
[WhiteElo "2557"]
[BlackElo "2258"]

1.e4 e6 2.d4 d5 3.Nd2 a6 4.Ngf3 c5 5.dxc5 Bxc5 6.Bd3 Nc6 7.O-O Nge7 8.a3 O-O
9.b4 Ba7 10.Bb2 Ng6 11.e5 Nf4 12.Nb3 f6 13.exf6 gxf6 14.c4 dxc4 15.Bxc4 b5
16.Be2 Qxd1 17.Bxd1 Nd3 18.Bc3 e5 19.Bc2 Be6 20.Bxd3 Bxb3 21.Be4 Rac8 22.Rac1 Rfd8
23.Bf5 Rc7 24.Nd2 Bf7 25.Ne4 Kg7 26.Ng3 Ne7 27.Be4 Rdc8 28.Bd2 Bg6 29.Rcd1 Bxe4
30.Nxe4 Nf5 31.g4 Nd4 32.Kh1 Rc2 33.f4 Bb8 34.Nc5 a5 35.g5 fxg5 36.fxe5 Bxe5
37.Rf2 g4 38.Nd7 Nf3 39.Nxe5 Nxe5 40.bxa5 Kg6 41.Be3 Rxf2 42.Bxf2 Nc4 43.a6 Nxa3
44.a7 Ra8 45.Rd7  1-0

[Event "TCh-CRO"]
[Site "Medulin CRO"]
[Date "2002.09.09"]
[Round "1"]
[White "Jukic,B"]
[Black "Berebora,F"]
[Result "1-0"]
[WhiteElo "2393"]
[BlackElo "2412"]

1.e4 e6 2.d4 d5 3.Nd2 Be7 4.Bd3 c5 5.dxc5 Nf6 6.Qe2 O-O 7.Ngf3 a5 8.a4 Na6
9.Nb3 dxe4 10.Bxe4 Nxc5 11.Nxc5 Bxc5 12.O-O Qc7 13.Bd3 b6 14.Bg5 Bb7 15.Bxf6 gxf6
16.Be4 Rad8 17.Rfd1 Rxd1+ 18.Rxd1 Bxe4 19.Qxe4 Rd8 20.Rxd8+ Qxd8 21.g3 f5
22.Qc4 Qd6 23.b3 Kg7 24.Kf1 Qc6 25.Ke2 f6 26.c3 Kf7 27.Ne1 Qe4+ 28.Qxe4 fxe4
29.Nc2 e5 30.g4 Ke6 31.Ne3 Bd6 32.Nf5 Bc5 33.c4 Bd4 34.Ng3 e3 35.fxe3 Bc5
36.Kf3 Bb4 37.Ke4 Bc5 38.Ne2 Bb4 39.h3 Bd2 40.Kd3 Bb4 41.e4 Bc5 42.Nc3 Bf2
43.Nd5 Bc5 44.Kc3 Kf7 45.b4 axb4+ 46.Nxb4 Kg6 47.Nd3 Bd6 48.c5 bxc5 49.a5 Bc7
50.a6 Bb6 51.Kc4 h5 52.Nxc5 hxg4 53.hxg4 Kg5 54.Nd7 Ba7 55.Kd5  1-0

[Event "FSIMB Sept"]
[Site "Budapest HUN"]
[Date "2002.09.10"]
[Round "4"]
[White "Berczes,C"]
[Black "Richards,H"]
[Result "1-0"]
[WhiteElo "2316"]
[BlackElo "2275"]

1.e4 e6 2.d4 d5 3.Nd2 Be7 4.Bd3 c5 5.dxc5 Nf6 6.Qe2 Nc6 7.Ngf3 Nb4 8.O-O Bxc5
9.e5 Nd7 10.Nb3 Nxd3 11.cxd3 Be7 12.Bd2 O-O 13.Rac1 Nb6 14.Nfd4 Qe8 15.Rfe1 Na4
16.Rc2 Bd7 17.Qg4 Kh8 18.Re3 f5 19.exf6 Bxf6 20.Qe2 Rc8 21.Rxc8 Qxc8 22.Nxe6 Bxe6
23.Rxe6 Nxb2 24.Bb4 Rg8 25.Rxf6 gxf6 26.Qxb2 Qf5 27.Bc3 Rg6 28.Qe2 h5 29.g3 h4
30.Nd4 Qg5 31.f4 Qg4 32.Qxg4 Rxg4 33.Kf2 hxg3+ 34.hxg3 Rg8 35.Nf5 Kh7 36.Ne7 d4
37.Bxd4 Rd8 38.Bxf6 Rxd3 39.g4 Rd6 40.g5 Rxf6 41.gxf6 b5 42.Ke3 a5 43.Kd4 b4
44.Kc4  1-0

[Event "TCh-FIN 2002-3"]
[Site "Finland FIN"]
[Date "2002.09.21"]
[Round "1"]
[White "Saastamoinen,A"]
[Black "Tolonen,M"]
[Result "1/2-1/2"]
[WhiteElo "2172"]
[BlackElo "2241"]

1.e4 e6 2.d4 d5 3.Nd2 Nc6 4.Ngf3 Nf6 5.e5 Nd7 6.c3 f6 7.Bb5 fxe5 8.dxe5 a6
9.Bxc6 bxc6 10.O-O c5 11.Qa4 Rb8 12.Nb3 Rb5 13.Qg4 Qe7 14.Bg5 Qf7 15.c4 Rb4
16.Rac1 Be7 17.Bd2 Rxc4 18.Rxc4 dxc4 19.Na5 Nb6 20.Nxc4 Bb7 21.Nxb6 cxb6
22.Ng5 Bxg5 23.Bxg5 O-O 24.Bh4 Bd5 25.Bg3 Qb7 26.f3 Bxa2 27.h4 Bd5 28.h5 h6
29.Ra1 a5 30.Ra4 c4 31.Bf2 Qc6 32.Ra1 Ra8 33.Qh4 c3 34.bxc3 Qxc3 35.Rb1 Qxe5
36.Rxb6 a4 37.Bd4 Qc7 38.Rb1 a3 39.Qg4 a2 40.Re1 Qf7 41.Qg3 Rc8 42.Ba1 Kh7
43.Be5 Rc4 44.Rd1 Rb4 45.Qe1 Rb7 46.Rc1 Qxh5 47.Ba1 Qg6 48.Kh2 Rb1 49.Qd1 Bb3
50.Qf1 Qc2 51.Re1 Bc4 52.Qg1 Qf5 53.Qe3 Qh5+ 54.Kg1 Qg6 55.Kh2 Qf5 56.Qc3 Qg6
57.Re4 Rxa1 58.Qxa1 Bd5 59.Re1 Qh5+  1/2-1/2

[Event "ECC"]
[Site "Halkidiki GRE"]
[Date "2002.09.22"]
[Round "1"]
[White "Carlsson,P"]
[Black "Nikolic,Pr"]
[Result "0-1"]
[WhiteElo "2400"]
[BlackElo "2653"]

1.e4 e6 2.d4 d5 3.Nd2 a6 4.Ngf3 c5 5.exd5 exd5 6.Be2 c4 7.O-O Bd6 8.Re1 Ne7
9.b3 b5 10.a4 Bb7 11.bxc4 bxc4 12.Bxc4 dxc4 13.Nxc4 Bb4 14.c3 Bd5 15.Qb3 Bxc4
16.Qxb4 Bd5 17.Ne5 f6 18.Nc4 O-O 19.Ba3 Ra7 20.Nb6 Bf7 21.a5 Re8 22.Qa4 Rc7
23.c4 Nd7 24.d5 Nc5 25.Qd1 Nf5 26.Qg4 Bg6 27.Rad1 Re5 28.Rxe5 fxe5 29.h3 Nd4
30.Kh2  0-1

[Event "ECC"]
[Site "Halkidiki GRE"]
[Date "2002.09.23"]
[Round "2"]
[White "Rozentalis,E"]
[Black "Ivanov,Se"]
[Result "0-1"]
[WhiteElo "2564"]
[BlackElo "2561"]

1.e4 e6 2.d4 d5 3.Nd2 Be7 4.Ngf3 Nf6 5.e5 Nfd7 6.c3 c5 7.a3 a5 8.Bb5 Qb6
9.Qa4 O-O 10.O-O Nc6 11.Re1 f6 12.exf6 Nxf6 13.Bd3 Bd7 14.Qc2 cxd4 15.c4 h6
16.b3 Rac8 17.Bb2 Bd6 18.Rac1 Bb8 19.Qd1 Ng4 20.h3 Nge5 21.Bb1 dxc4 22.Rxe5 Nxe5
23.Nxe5 Bxe5 24.Nxc4 Rxc4 25.Rxc4 Bb5 26.Rc1 Qd6 27.Qe1 Bc6 28.Be4 Bd5 29.Bd3 Bh2+
30.Kh1 Bf4 31.Rd1 Bxb3 32.Rb1 Bd5 33.Bxd4 e5 34.Be3 Bxg2+ 35.Kxg2 Qxd3 36.Bxf4 Rxf4
37.Rd1 Qf3+  0-1

[Event "ECC"]
[Site "Halkidiki GRE"]
[Date "2002.09.24"]
[Round "3"]
[White "Carlsson,P"]
[Black "Kruppa,Y"]
[Result "1/2-1/2"]
[WhiteElo "2400"]
[BlackElo "2544"]

1.e4 e6 2.d4 d5 3.Nd2 Be7 4.Bd3 c5 5.dxc5 Nf6 6.Qe2 O-O 7.Ngf3 a5 8.a4 Na6
9.e5 Nd7 10.Nb3 Naxc5 11.Nxc5 Nxc5 12.O-O Nxd3 13.Qxd3 b6 14.Re1 Ba6 15.Qd1 Rc8
16.Be3 Qc7 17.c3 Rb8 18.Bg5 Bc5 19.Qd2 Rfc8 20.h4 Bf8 21.h5 h6 22.Bf4 Qc4
23.Nd4 Qd3 24.Qc1 Bc5 25.Rd1 Qe4 26.Re1 Qh7 27.Be3 Qd3 28.Rd1 Qe4 29.Re1 Qh4
30.Qd1 Rc7 31.Nb3 Be7 32.Nd4 Kh8 33.Qf3 Bc5 34.Rad1 Rg8 35.Bf4 Bc4 36.Re3 Qe7
37.Qg4 Qe8 38.Rg3 Rc8 39.b3 Ba6 40.Be3 Be7 41.Bd2 b5 42.axb5 Bxb5 43.Ra1 Rc5
44.Bc1 Bd8 45.Bd2  1/2-1/2

[Event "ECC"]
[Site "Halkidiki GRE"]
[Date "2002.09.24"]
[Round "3"]
[White "Miroshnichenko,E"]
[Black "Romero Holmes,A"]
[Result "1-0"]
[WhiteElo "2525"]
[BlackElo "2524"]

1.e4 e6 2.d4 d5 3.Nd2 Be7 4.Bd3 c5 5.dxc5 Nf6 6.Qe2 Nc6 7.Ngf3 a5 8.a4 Nb4
9.Nb3 Nxd3+ 10.cxd3 dxe4 11.dxe4 b6 12.Qb5+ Kf8 13.Nfd4 Ba6 14.Qxb6 Nxe4
15.Qxd8+ Rxd8 16.Be3 Nxc5 17.Nxc5 Bxc5 18.Nxe6+ fxe6 19.Bxc5+ Kf7 20.f3 Rd5
21.Rc1 Rc8 22.Be3 Rxc1+ 23.Bxc1 Bc4 24.Be3 Bb3 25.Kf2 Rd1 26.Rxd1 Bxd1 27.Bd2 Bxa4
28.Bxa5 e5 29.Bc3 Ke6 30.g4 g5 31.Bd2 Kf6 32.Ba5 Bc6 33.Bd8+ Kg6 34.Ke3 Be8
35.b4 Bc6 36.h3 Bb5 37.Ke4 Bf1 38.h4 gxh4 39.Bxh4 Bb5 40.Kxe5 Be2 41.Kf4 Kf7
42.Ke3 Bd1 43.b5 Ke6 44.b6 Kd6 45.Kf4 Kc6 46.Bf2 Be2 47.g5 Bd1 48.Ke4 Kd6
49.Bg3+ Kc6 50.Bc7 Kd7 51.f4  1-0

[Event "ECC"]
[Site "Halkidiki GRE"]
[Date "2002.09.24"]
[Round "3"]
[White "Motylev,A"]
[Black "Nikolic,Pr"]
[Result "1-0"]
[WhiteElo "2634"]
[BlackElo "2653"]

1.e4 e6 2.d4 d5 3.Nd2 a6 4.Ngf3 c5 5.exd5 exd5 6.dxc5 Bxc5 7.Nb3 Bb6 8.Qe2+ Qe7
9.Nfd4 Nf6 10.Bg5 h6 11.Bxf6 gxf6 12.O-O-O Qxe2 13.Bxe2 Nc6 14.f4 O-O 15.Bf3 Rd8
16.Rhe1 Kf8 17.c3 Ne7 18.Nc2 Be6 19.Nbd4 Rd6 20.Re2 Bd7 21.g3 Rc8 22.Red2 Ba7
23.Ne3 Ba4 24.Re1 Bd7 25.Red1 Ba4 26.Re1 Bd7 27.Ndc2 Be6 28.Red1 Rcd8 29.Kb1 b5
30.Nd4 Bc8 31.a3 Bb6 32.Nec2 Bc5 33.Kc1 Bb6 34.Nb4 Ba7 35.Re1 Bd7 36.Nbc2 Bb6
37.Ne3 Bc8 38.Red1 Bc5 39.Rd3 Ba7 40.Ndc2 Be6 41.Nd4 Bc8 42.R3d2 Bc5 43.Nec2 Bb6
44.Re2 Bd7 45.Nb4 Ba7 46.b3 Bc5 47.Kb2 Ba7 48.Nbc2 Bb6 49.Ne3 Ba7 50.Rde1 Bc5
51.Nec2 Nc8 52.h3 Na7 53.Bg4 Bxd4 54.Nxd4 Nc6 55.Bxd7 Nxd4 56.Re8+ Rxe8 57.Rxe8+ Kg7
58.cxd4 Rxd7 59.Kc3 f5 60.Kb4 Rd6 61.Kc5  1-0

[Event "ECC"]
[Site "Halkidiki GRE"]
[Date "2002.09.27"]
[Round "6"]
[White "Popovic,Pe"]
[Black "Del Rio Angelis,S"]
[Result "1/2-1/2"]
[WhiteElo "2525"]
[BlackElo "2498"]

1.e4 e6 2.d4 d5 3.Nd2 Be7 4.e5 c5 5.Qg4 Kf8 6.dxc5 Nc6 7.Ngf3 h5 8.Qg3 h4
9.Qf4 g5 10.Qe3 Nh6 11.Bd3 Ng4 12.Qe2 Qc7 13.Nb3 Rg8 14.Bd2 Ngxe5 15.O-O-O Nxd3+
16.Qxd3 b6 17.cxb6 axb6 18.Kb1 Nb4 19.Bxb4 Bxb4 20.Qh7 Be7 21.Qh6+ Ke8 22.Rhe1 Qf4
23.Qh7 Kf8 24.Qh6+ Rg7 25.Qh8+ Rg8 26.Qh6+ Rg7 27.Qh8+  1/2-1/2